Vista normal
Vista MARC
Entrada Materia (personas)
Número de registros utilizados en: 3
001 - CONTROL NUMBER
- control field: 70133
003 - CONTROL NUMBER IDENTIFIER
- control field: Co-BoUCM
005 - DATE AND TIME OF LATEST TRANSACTION
- control field: 20150721083131.0
008 - FIXED-LENGTH DATA ELEMENTS
- fixed length control field: 150721|| aca||aabn | a|a d
040 ## - CATALOGING SOURCE
- Original cataloging agency: Co-BoUCM
- Transcribing agency: Co-BoUCM
100 ## - HEADING--PERSONAL NAME
- Personal name: Loisy, Alfred
- Dates associated with a name: 1857-1940
670 ## - SOURCE DATA FOUND
- Source citation: Work cat.: (Co-BoUCM): Loisy, Alfred 1857-1940 , Autor d’un petit livre, 1903